000 00624nam a2200277Ia 4500
005 20260324130116.0
008 008 260324s9999 xx 000 0 eng d
020 _a9781315249360
037 _aEBOOK
040 _aCRL
040 _beng
040 _cCRL
041 _2eng
041 _aeng
084 _qCRL
100 _aCecil G. Helman
_91180539
245 0 _aMedical Anthropology
260 _bTaylor and Francis
260 _c2008
365 _a
365 _b315
856 _uhttp://www.taylorfrancis.com/books/9781315249360
942 _cEBOOK
999 _c1776401
_d1776401